[Event "DVM U14 2023"]
[Site "Magdeburg GER"]
[Date "2023.12.27"]
[Round "2"]
[White "Schwitkowski, Luka"]
[Black "Haubold, Sebastian"]
[Result "0-1"]
[Termination "normal"]
[Board "1.1"]
[WhiteElo "1817"]
[BlackElo "2055"]
[WhiteClock "00:48:54"]
[BlackClock "00:28:44"]
[WhiteTeam "SV Erkenschwick 1923"]
[BlackTeam "USC Magdeburg"]
[PlyCount "95"]
[WhiteFideId "34610669"]
[BlackFideId "16259637"]
[EventCountry "GER"]
[EventRounds "7"]
[EventType "team-swiss"]
[EventDate "2023.12.26"]

1. d4 {[%clk 01:30:57]} {[%emt 00:00:01]} Nf6 {[%clk 01:30:44]} {[%emt
00:00:16]} 2. Nf3 {[%clk 01:31:17]} {[%emt 00:00:10]} g6 {[%clk 01:30:48]}
{[%emt 00:00:26]} 3. g3 {[%clk 01:31:29]} {[%emt 00:00:18]} Bg7 {[%clk
01:30:59]} {[%emt 00:00:19]} 4. Bg2 {[%clk 01:31:48]} {[%emt 00:00:12]} O-O
{[%clk 01:31:07]} {[%emt 00:00:22]} 5. O-O {[%clk 01:32:05]} {[%emt 00:00:11]}
d6 {[%clk 01:31:28]} {[%emt 00:00:11]} 6. Re1 {[%clk 01:32:03]} {[%emt
00:00:31]} Nbd7 {[%clk 01:24:50]} {[%emt 00:07:09]} 7. e4 {[%clk 01:30:55]}
{[%emt 00:01:37]} e5 {[%clk 01:24:54]} {[%emt 00:00:27]} 8. Nc3 {[%clk
01:21:58]} {[%emt 00:09:26]} Re8 {[%clk 01:18:21]} {[%emt 00:07:04]} 9. Rb1
{[%clk 01:13:28]} {[%emt 00:08:59]} a5 {[%clk 01:10:37]} {[%emt 00:08:14]} 10.
b3 {[%clk 01:12:03]} {[%emt 00:01:55]} h6 {[%clk 00:58:17]} {[%emt 00:12:51]}
11. Bb2 {[%clk 01:12:00]} {[%emt 00:00:32]} Nh7 {[%clk 00:56:12]} {[%emt
00:02:35]} 12. Qd2 {[%clk 01:07:41]} {[%emt 00:04:48]} Ng5 {[%clk 00:50:33]}
{[%emt 00:06:11]} 13. Nxg5 {[%clk 01:07:55]} {[%emt 00:00:16]} hxg5 {[%clk
00:49:48]} {[%emt 00:01:15]} 14. Ne2 {[%clk 01:03:57]} {[%emt 00:04:25]} Qe7
{[%clk 00:43:45]} {[%emt 00:06:35]} 15. a4 {[%clk 01:03:50]} {[%emt 00:00:36]}
g4 {[%clk 00:40:07]} {[%emt 00:04:10]} 16. h3 {[%clk 00:48:32]} {[%emt
00:15:48]} Nf6 {[%clk 00:32:38]} {[%emt 00:07:59]} 17. hxg4 {[%clk 00:47:46]}
{[%emt 00:01:16]} Nxg4 {[%clk 00:32:50]} {[%emt 00:00:18]} 18. dxe5 {[%clk
00:45:55]} {[%emt 00:02:20]} dxe5 {[%clk 00:32:21]} {[%emt 00:01:00]} 19. Nc3
{[%clk 00:45:16]} {[%emt 00:01:08]} c6 {[%clk 00:30:15]} {[%emt 00:02:37]} 20.
Bf3 {[%clk 00:44:47]} {[%emt 00:00:58]} Bh6 {[%clk 00:28:30]} {[%emt 00:02:16]}
21. Qe2 {[%clk 00:45:15]} {[%emt 00:00:01]} Nf6 {[%clk 00:28:15]} {[%emt
00:00:46]} 22. Kg2 {[%clk 00:45:14]} {[%emt 00:00:31]} Kg7 {[%clk 00:25:57]}
{[%emt 00:02:47]} 23. Rbd1 {[%clk 00:44:18]} {[%emt 00:01:26]} Bd7 {[%clk
00:23:49]} {[%emt 00:02:39]} 24. Rh1 {[%clk 00:42:21]} {[%emt 00:02:26]} Rh8
{[%clk 00:23:41]} {[%emt 00:00:39]} 25. Ra1 {[%clk 00:32:15]} {[%emt 00:10:35]}
Rad8 {[%clk 00:19:35]} {[%emt 00:04:35]} 26. Ba3 {[%clk 00:32:18]} {[%emt
00:00:28]} Qe6 {[%clk 00:19:42]} {[%emt 00:00:23]} 27. Rad1 {[%clk 00:31:55]}
{[%emt 00:00:53]} Bc8 {[%clk 00:19:54]} {[%emt 00:00:18]} 28. Bc5 {[%clk
00:28:32]} {[%emt 00:03:53]} Nh7 {[%clk 00:15:45]} {[%emt 00:04:40]} 29. Rh4
{[%clk 00:25:48]} {[%emt 00:03:13]} Rxd1 {[%clk 00:12:22]} {[%emt 00:03:53]}
30. Qxd1 {[%clk 00:24:09]} {[%emt 00:02:09]} Bg5 {[%clk 00:12:02]} {[%emt
00:00:51]} 31. Rh1 {[%clk 00:23:29]} {[%emt 00:01:09]} Rd8 {[%clk 00:12:00]}
{[%emt 00:00:31]} 32. Qb1 {[%clk 00:23:49]} {[%emt 00:00:10]} Rd2 {[%clk
00:11:00]} {[%emt 00:01:31]} 33. Rd1 {[%clk 00:23:59]} {[%emt 00:00:19]} Qh3+
{[%clk 00:10:13]} {[%emt 00:01:18]} 34. Kg1 {[%clk 00:24:27]} {[%emt 00:00:02]}
Bg4 {[%clk 00:09:17]} {[%emt 00:01:26]} 35. Bxg4 {[%clk 00:23:49]} {[%emt
00:01:09]} Qxg4 {[%clk 00:09:40]} {[%emt 00:00:07]} 36. Rxd2 {[%clk 00:24:09]}
{[%emt 00:00:10]} Bxd2 {[%clk 00:10:07]} {[%emt 00:00:03]} 37. Qd1 {[%clk
00:24:14]} {[%emt 00:00:24]} Qxd1+ {[%clk 00:07:24]} {[%emt 00:03:12]} 38. Nxd1
{[%clk 00:24:39]} {[%emt 00:00:06]} Ng5 {[%emt 00:00:06]} 39. Be3 {[%clk
00:23:37]} {[%emt 00:01:29]} Nxe4 {[%clk 00:06:01]} {[%emt 00:02:21]} 40. f3
{[%clk 00:22:22]} {[%emt 00:01:43]} Bxe3+ {[%clk 00:06:08]} {[%emt 00:00:24]}
41. Nxe3 {[%clk 00:22:36]} {[%emt 00:00:17]} Nd6 {[%clk 00:02:16]} {[%emt
00:04:21]} 42. c4 {[%clk 00:20:45]} {[%emt 00:02:21]} Nf5 {[%clk 00:01:52]}
{[%emt 00:00:54]} 43. Nf1 {[%clk 00:19:01]} {[%emt 00:02:14]} Nd4 {[%clk
00:00:45]} {[%emt 00:01:38]} 44. Nd2 {[%clk 00:19:26]} {[%emt 00:00:03]} f5
{[%clk 00:29:33]} {[%emt 00:01:43]} 45. Kf2 {[%clk 00:49:23]} {[%emt 00:00:32]}
Kf6 {[%clk 00:29:31]} {[%emt 00:00:33]} 46. Ke3 {[%clk 00:49:51]} {[%emt
00:00:02]} Ke6 {[%clk 00:29:11]} {[%emt 00:00:50]} 47. Kd3 {[%clk 00:48:54]}
{[%emt 00:01:27]} Nxf3 {[%clk 00:28:44]} {[%emt 00:00:57]} 48. Kd4 {[%emt
00:00:54]} 0-1

[Event "DVM U14 2023"]
[Site "Magdeburg GER"]
[Date "2023.12.27"]
[Round "2"]
[White "Haubold, Christian"]
[Black "Riechenberg, Sebastian"]
[Result "1-0"]
[Termination "normal"]
[Board "1.2"]
[WhiteElo "1990"]
[BlackElo "1913"]
[WhiteClock "00:33:04"]
[BlackClock "00:31:33"]
[WhiteTeam "USC Magdeburg"]
[BlackTeam "SV Erkenschwick 1923"]
[PlyCount "43"]
[WhiteFideId "16259629"]
[BlackFideId "34605231"]
[EventCountry "GER"]
[EventRounds "7"]
[EventType "team-swiss"]
[EventDate "2023.12.26"]

1. e4 {[%clk 01:30:57]} {[%emt 00:00:02]} e5 {[%clk 01:30:51]} {[%emt
00:00:10]} 2. Nf3 {[%clk 01:31:19]} {[%emt 00:00:07]} Nc6 {[%clk 01:31:14]}
{[%emt 00:00:09]} 3. Bb5 {[%clk 01:31:42]} {[%emt 00:00:07]} a6 {[%clk
01:30:46]} {[%emt 00:00:58]} 4. Ba4 {[%clk 01:32:03]} {[%emt 00:00:08]} Nf6
{[%clk 01:31:10]} {[%emt 00:00:07]} 5. O-O {[%clk 01:32:05]} {[%emt 00:00:27]}
Be7 {[%clk 01:31:13]} {[%emt 00:00:27]} 6. Re1 {[%clk 01:32:01]} {[%emt
00:00:33]} b5 {[%clk 01:31:31]} {[%emt 00:00:13]} 7. Bb3 {[%clk 01:32:23]}
{[%emt 00:00:07]} O-O {[%clk 01:31:42]} {[%emt 00:00:20]} 8. a4 {[%clk
01:29:45]} {[%emt 00:03:09]} Rb8 {[%clk 01:25:58]} {[%emt 00:06:14]} 9. axb5
{[%clk 01:27:29]} {[%emt 00:02:46]} axb5 {[%clk 01:26:13]} {[%emt 00:00:15]}
10. Nc3 {[%clk 01:19:47]} {[%emt 00:08:12]} d6 {[%clk 01:25:47]} {[%emt
00:00:55]} 11. h3 {[%clk 01:15:49]} {[%emt 00:04:28]} h6 {[%clk 01:18:56]}
{[%emt 00:07:20]} 12. Qe2 {[%clk 01:12:39]} {[%emt 00:03:41]} b4 {[%clk
01:08:43]} {[%emt 00:10:44]} 13. Nd5 {[%clk 01:11:24]} {[%emt 00:01:44]} Nd7
{[%clk 01:03:22]} {[%emt 00:05:51]} 14. Bc4 {[%clk 00:59:14]} {[%emt 00:12:41]}
Nc5 {[%clk 00:52:09]} {[%emt 00:11:42]} 15. c3 {[%clk 00:55:52]} {[%emt
00:03:52]} bxc3 {[%clk 00:51:29]} {[%emt 00:01:11]} 16. dxc3 {[%clk 00:53:40]}
{[%emt 00:02:41]} Ne6 {[%clk 00:44:42]} {[%emt 00:07:17]} 17. b4 {[%clk
00:38:22]} {[%emt 00:15:49]} Bg5 {[%clk 00:42:28]} {[%emt 00:02:43]} 18. Nxg5
{[%clk 00:37:37]} {[%emt 00:01:15]} Nxg5 {[%clk 00:41:39]} {[%emt 00:01:19]}
19. Qh5 {[%clk 00:35:57]} {[%emt 00:02:09]} Nh7 {[%clk 00:33:49]} {[%emt
00:08:19]} 20. Re3 {[%clk 00:33:19]} {[%emt 00:03:10]} Nf6 {[%clk 00:31:22]}
{[%emt 00:02:57]} 21. Nxf6+ {[%clk 00:32:57]} {[%emt 00:00:52]} Qxf6 {[%clk
00:31:33]} {[%emt 00:00:19]} 22. Rf3 {[%clk 00:33:04]} {[%emt 00:00:23]} 1-0

[Event "DVM U14 2023"]
[Site "Magdeburg GER"]
[Date "2023.12.27"]
[Round "2"]
[White "Allen, Phillipp"]
[Black "Kuhlmann, Nils Magnus"]
[Result "0-1"]
[Termination "normal"]
[Board "1.3"]
[WhiteElo "1628"]
[BlackElo "1629"]
[WhiteClock "00:16:16"]
[BlackClock "00:52:10"]
[WhiteTeam "SV Erkenschwick 1923"]
[BlackTeam "USC Magdeburg"]
[PlyCount "84"]
[WhiteFideId "16272846"]
[BlackFideId "16287177"]
[EventCountry "GER"]
[EventRounds "7"]
[EventType "team-swiss"]
[EventDate "2023.12.26"]

1. d4 {[%clk 01:30:56]} {[%emt 00:00:04]} Nf6 {[%clk 01:30:19]} {[%emt
00:00:42]} 2. c4 {[%clk 01:31:15]} {[%emt 00:00:10]} d6 {[%clk 01:30:15]}
{[%emt 00:00:34]} 3. Nf3 {[%emt 00:00:52]} Nbd7 {[%clk 01:29:20]} {[%emt
00:01:22]} 4. g3 {[%clk 01:30:38]} {[%emt 00:00:49]} e5 {[%clk 01:29:39]}
{[%emt 00:00:11]} 5. Bg2 {[%clk 01:30:00]} {[%emt 00:01:05]} Be7 {[%clk
01:27:50]} {[%emt 00:02:21]} 6. O-O {[%clk 01:29:02]} {[%emt 00:01:28]} O-O
{[%clk 01:28:09]} {[%emt 00:00:11]} 7. dxe5 {[%clk 01:28:35]} {[%emt 00:00:56]}
Nxe5 {[%emt 00:02:27]} 8. b3 {[%clk 01:23:40]} {[%emt 00:03:15]} Rb8 {[%clk
01:25:52]} {[%emt 00:03:00]} 9. Nxe5 {[%clk 01:19:09]} {[%emt 00:05:01]} dxe5
{[%clk 01:26:14]} {[%emt 00:00:09]} 10. Bb2 {[%clk 01:19:08]} {[%emt 00:00:31]}
Bd6 {[%clk 01:25:42]} {[%emt 00:01:02]} 11. Nc3 {[%clk 01:19:24]} {[%emt
00:00:13]} c6 {[%clk 01:24:50]} {[%emt 00:01:23]} 12. Qd2 {[%clk 01:11:54]}
{[%emt 00:07:59]} Qe7 {[%clk 01:23:01]} {[%emt 00:02:20]} 13. Rfd1 {[%clk
01:11:35]} {[%emt 00:00:49]} Ba3 {[%clk 01:21:39]} {[%emt 00:01:53]} 14. Bxa3
{[%clk 01:09:55]} {[%emt 00:02:09]} Qxa3 {[%clk 01:22:03]} {[%emt 00:00:05]}
15. Qd6 {[%clk 01:08:41]} {[%emt 00:01:42]} Qxd6 {[%clk 01:22:16]} {[%emt
00:00:20]} 16. Rxd6 {[%clk 01:09:05]} {[%emt 00:00:06]} Bf5 {[%clk 01:16:00]}
{[%emt 00:06:45]} 17. Rad1 {[%clk 01:08:32]} {[%emt 00:01:02]} Ne8 {[%clk
01:11:05]} {[%emt 00:05:27]} 18. Rd8 {[%clk 00:59:41]} {[%emt 00:09:20]} Rxd8
{[%clk 01:11:16]} {[%emt 00:00:20]} 19. Rxd8 {[%clk 00:59:58]} {[%emt
00:00:13]} Nc7 {[%clk 01:11:33]} {[%emt 00:00:12]} 20. Rxf8+ {[%clk 00:59:04]}
{[%emt 00:01:25]} Kxf8 {[%clk 01:11:59]} {[%emt 00:00:05]} 21. e3 {[%clk
00:47:55]} {[%emt 00:11:36]} Ke7 {[%clk 01:05:31]} {[%emt 00:07:00]} 22. a3
{[%clk 00:42:24]} {[%emt 00:06:00]} Bc2 {[%clk 01:04:30]} {[%emt 00:01:31]} 23.
b4 {[%clk 00:42:28]} {[%emt 00:00:26]} Bb3 {[%clk 01:02:29]} {[%emt 00:02:32]}
24. c5 {[%clk 00:40:45]} {[%emt 00:02:12]} f5 {[%clk 00:57:49]} {[%emt
00:05:11]} 25. e4 {[%clk 00:30:55]} {[%emt 00:10:19]} g6 {[%clk 00:57:30]}
{[%emt 00:00:50]} 26. f4 {[%clk 00:25:34]} {[%emt 00:05:51]} exf4 {[%clk
00:56:38]} {[%emt 00:01:21]} 27. gxf4 {[%clk 00:25:46]} {[%emt 00:00:18]} Ne6
{[%clk 00:56:57]} {[%emt 00:00:12]} 28. Ne2 {[%clk 00:25:05]} {[%emt 00:01:02]}
Bc4 {[%clk 00:56:31]} {[%emt 00:01:04]} 29. exf5 {[%clk 00:21:52]} {[%emt
00:03:44]} gxf5 {[%clk 00:55:26]} {[%emt 00:01:35]} 30. Ng3 {[%clk 00:22:08]}
{[%emt 00:00:13]} Kf6 {[%clk 00:53:47]} {[%emt 00:02:10]} 31. Nh5+ {[%clk
00:14:54]} {[%emt 00:07:39]} Kg6 {[%clk 00:53:29]} {[%emt 00:00:52]} 32. Bf3
{[%clk 00:15:09]} {[%emt 00:00:16]} Nd4 {[%clk 00:52:56]} {[%emt 00:01:03]} 33.
Bd1 {[%clk 00:15:12]} {[%emt 00:00:25]} Be2 {[%clk 00:50:07]} {[%emt 00:03:20]}
34. Bxe2 {[%clk 00:15:32]} {[%emt 00:00:10]} Nxe2+ {[%clk 00:50:32]} {[%emt
00:00:06]} 35. Kf2 {[%clk 00:15:56]} {[%emt 00:00:06]} Kxh5 {[%clk 00:50:17]}
{[%emt 00:00:45]} 36. Kxe2 {[%clk 00:16:14]} {[%emt 00:00:12]} Kg4 {[%clk
00:50:36]} {[%emt 00:00:10]} 37. Ke3 {[%clk 00:16:37]} {[%emt 00:00:07]} h5
{[%clk 00:50:59]} {[%emt 00:00:08]} 38. a4 {[%clk 00:16:06]} {[%emt 00:01:00]}
a6 {[%clk 00:51:07]} {[%emt 00:00:22]} 39. a5 {[%clk 00:15:57]} {[%emt
00:00:39]} h4 {[%clk 00:51:07]} {[%emt 00:00:31]} 40. h3+ {[%clk 00:15:32]}
{[%emt 00:00:55]} Kxh3 {[%clk 00:51:22]} {[%emt 00:00:15]} 41. Kf3 {[%clk
00:15:53]} {[%emt 00:00:07]} Kh2 {[%clk 00:51:44]} {[%emt 00:00:10]} 42. Kf2
{[%clk 00:16:16]} {[%emt 00:00:07]} h3 {[%clk 00:52:10]} {[%emt 00:00:04]} 0-1

[Event "DVM U14 2023"]
[Site "Magdeburg GER"]
[Date "2023.12.27"]
[Round "2"]
[White "Pham, Jacky"]
[Black "Al Marawi, Yousef"]
[Result "0-1"]
[Termination "normal"]
[Board "1.4"]
[WhiteElo "1336"]
[BlackElo "1563"]
[WhiteClock "01:16:16"]
[BlackClock "00:30:32"]
[WhiteTeam "USC Magdeburg"]
[BlackTeam "SV Erkenschwick 1923"]
[PlyCount "98"]
[WhiteFideId "34611606"]
[BlackFideId "34607420"]
[EventCountry "GER"]
[EventRounds "7"]
[EventType "team-swiss"]
[EventDate "2023.12.26"]

1. e4 {[%clk 01:30:56]} {[%emt 00:00:04]} e6 {[%clk 01:30:55]} {[%emt
00:00:05]} 2. d4 {[%clk 01:31:21]} {[%emt 00:00:05]} d5 {[%clk 01:31:20]}
{[%emt 00:00:05]} 3. Nd2 {[%clk 01:31:46]} {[%emt 00:00:05]} dxe4 {[%clk
01:30:15]} {[%emt 00:01:36]} 4. Nxe4 {[%clk 01:32:09]} {[%emt 00:00:06]} Nd7
{[%clk 01:30:31]} {[%emt 00:00:13]} 5. Nf3 {[%clk 01:31:47]} {[%emt 00:00:52]}
Ngf6 {[%clk 01:30:11]} {[%emt 00:00:50]} 6. Bd3 {[%clk 01:30:55]} {[%emt
00:01:22]} Nxe4 {[%clk 01:30:19]} {[%emt 00:00:23]} 7. Bxe4 {[%clk 01:31:14]}
{[%emt 00:00:11]} Nf6 {[%clk 01:30:44]} {[%emt 00:00:06]} 8. Bd3 {[%clk
01:30:47]} {[%emt 00:00:55]} c5 {[%clk 01:28:54]} {[%emt 00:02:20]} 9. O-O
{[%clk 01:29:38]} {[%emt 00:01:40]} Be7 {[%clk 01:27:02]} {[%emt 00:02:23]} 10.
Be3 {[%clk 01:28:03]} {[%emt 00:02:03]} Nd5 {[%clk 01:23:15]} {[%emt 00:04:17]}
11. Ne5 {[%clk 01:24:48]} {[%emt 00:03:45]} O-O {[%clk 01:10:03]} {[%emt
00:13:43]} 12. Qh5 {[%clk 01:14:11]} {[%emt 00:11:05]} g6 {[%clk 01:03:36]}
{[%emt 00:06:59]} 13. Qg4 {[%clk 01:10:27]} {[%emt 00:03:49]} Nxe3 {[%clk
00:56:47]} {[%emt 00:07:44]} 14. fxe3 {[%clk 01:10:27]} {[%emt 00:00:30]} Bf6
{[%clk 00:51:11]} {[%emt 00:06:05]} 15. Rad1 {[%clk 01:06:26]} {[%emt
00:04:31]} Bg7 {[%clk 00:48:58]} {[%emt 00:02:43]} 16. c3 {[%clk 00:59:57]}
{[%emt 00:07:00]} Qc7 {[%clk 00:45:58]} {[%emt 00:03:29]} 17. Qf4 {[%clk
00:56:00]} {[%emt 00:04:27]} Bxe5 {[%clk 00:40:45]} {[%emt 00:05:44]} 18. Qxe5
{[%clk 00:55:15]} {[%emt 00:01:14]} Qxe5 {[%clk 00:39:51]} {[%emt 00:01:24]}
19. dxe5 {[%clk 00:55:38]} {[%emt 00:00:09]} b6 {[%clk 00:33:42]} {[%emt
00:06:38]} 20. Be4 {[%clk 00:54:34]} {[%emt 00:01:33]} Rb8 {[%clk 00:33:46]}
{[%emt 00:00:25]} 21. Rd6 {[%clk 00:54:26]} {[%emt 00:00:38]} Bb7 {[%clk
00:32:50]} {[%emt 00:01:27]} 22. Bxb7 {[%clk 00:54:17]} {[%emt 00:00:40]} Rxb7
{[%clk 00:33:13]} {[%emt 00:00:08]} 23. Rfd1 {[%clk 00:54:30]} {[%emt
00:00:14]} b5 {[%clk 00:29:03]} {[%emt 00:04:41]} 24. b3 {[%clk 00:53:13]}
{[%emt 00:01:48]} c4 {[%clk 00:23:19]} {[%emt 00:06:14]} 25. bxc4 {[%clk
00:51:19]} {[%emt 00:02:24]} bxc4 {[%clk 00:23:24]} {[%emt 00:00:25]} 26. R1d4
{[%clk 00:51:26]} {[%emt 00:00:22]} Rb1+ {[%clk 00:21:44]} {[%emt 00:02:11]}
27. Rd1 {[%clk 00:51:33]} {[%emt 00:00:23]} Rfb8 {[%clk 00:20:59]} {[%emt
00:01:13]} 28. Kf1 {[%clk 00:48:40]} {[%emt 00:03:21]} R8b2 {[%clk 00:17:21]}
{[%emt 00:04:13]} 29. Rxb1 {[%clk 00:47:54]} {[%emt 00:01:15]} Rxb1+ {[%clk
00:17:45]} {[%emt 00:00:06]} 30. Ke2 {[%clk 00:48:17]} {[%emt 00:00:05]} Rb2+
{[%clk 00:18:13]} {[%emt 00:00:04]} 31. Rd2 {[%clk 00:48:36]} {[%emt 00:00:11]}
Rb5 {[%clk 00:15:58]} {[%emt 00:02:44]} 32. Rd4 {[%clk 00:48:28]} {[%emt
00:00:37]} Rxe5 {[%clk 00:12:43]} {[%emt 00:03:48]} 33. Rxc4 {[%clk 00:48:50]}
{[%emt 00:00:07]} Kg7 {[%clk 00:11:43]} {[%emt 00:01:29]} 34. Ra4 {[%clk
00:47:51]} {[%emt 00:01:30]} a5 {[%clk 00:10:35]} {[%emt 00:01:39]} 35. Ra3
{[%clk 00:47:10]} {[%emt 00:01:11]} Kf6 {[%clk 00:08:51]} {[%emt 00:02:14]} 36.
c4 {[%clk 00:47:20]} {[%emt 00:00:18]} Rc5 {[%clk 00:08:49]} {[%emt 00:00:32]}
37. Kd3 {[%clk 00:46:58]} {[%emt 00:00:51]} Ke5 {[%clk 00:09:09]} {[%emt
00:00:10]} 38. Rb3 {[%clk 00:47:22]} {[%emt 00:00:06]} f5 {[%clk 00:08:26]}
{[%emt 00:01:16]} 39. Rb5 {[%clk 00:47:38]} {[%emt 00:00:12]} Rxb5 {[%clk
00:08:17]} {[%emt 00:00:40]} 40. cxb5 {[%clk 00:48:01]} {[%emt 00:00:07]} Kd5
{[%clk 00:08:43]} {[%emt 00:00:03]} 41. a4 {[%clk 00:48:24]} {[%emt 00:00:08]}
e5 {[%clk 00:08:27]} {[%emt 00:00:46]} 42. Ke2 {[%clk 00:48:43]} {[%emt
00:00:08]} g5 {[%clk 00:07:34]} {[%emt 00:01:27]} 43. g4 {[%clk 00:48:28]}
{[%emt 00:00:43]} fxg4 {[%clk 00:04:38]} {[%emt 00:03:27]} 44. e4+ {[%clk
00:48:50]} {[%emt 00:00:07]} Kd6 {[%clk 00:29:52]} {[%emt 00:05:16]} 45. Kd3
{[%clk 01:17:29]} {[%emt 00:01:50]} h5 {[%clk 00:29:50]} {[%emt 00:00:34]} 46.
Kc4 {[%clk 01:16:32]} {[%emt 00:01:27]} h4 {[%clk 00:29:45]} {[%emt 00:00:36]}
47. Kd3 {[%clk 01:16:57]} {[%emt 00:00:04]} g3 {[%clk 00:29:58]} {[%emt
00:00:18]} 48. hxg3 {[%clk 01:16:18]} {[%emt 00:01:08]} h3 {[%clk 00:30:18]}
{[%emt 00:00:09]} 49. b6 {[%clk 01:16:16]} {[%emt 00:00:32]} h2 {[%clk
00:30:32]} {[%emt 00:00:16]} 0-1